000
00298nam a22001457a 4500
020
_a
07214-0941-5
082
_a
823
_b
MCC/M
100
_a
MCCULLAGH, SHEILA
245
_a
THE MAGIC BOX
250
_a
1
260
_a
UK
_b
LADYBIRD
300
_a
43
650
_a
ENGLISH SHORT STORY
_z
UK
942
_c
BK
999
_c
4148
_d
4148